|
|
|
|
| LEADER |
00736cam a2200193 7i4500 |
| 001 |
0000005549 |
| 005 |
20170218090000.0 |
| 020 |
|
|
|a 0875847250 (hbk.)
|
| 090 |
0 |
0 |
|a HD9999.R34
|b M55 1998
|
| 100 |
1 |
|
|a McKibben, Gordon
|
| 245 |
1 |
0 |
|a Cutting edge :
|b Gillette's journey to global leadership
|c Gordon McKibben.
|
| 260 |
|
|
|a Boston, Mass.:
|b Harvard Business School Press,
|c 1998.
|
| 300 |
|
|
|a xi, 429 p.:
|b ill.;
|c 24 cm.
|
| 504 |
|
|
|a Includes bibliographical references and index
|
| 650 |
0 |
0 |
|a Razor industry --
|z United States
|
| 650 |
0 |
0 |
|a Consolidation and merger of corporations --
|z United States
|
| 710 |
2 |
|
|a Gillette Company
|
| 997 |
|
|
|a Business & Accountancy, Faculty
|
| 999 |
|
|
|a 0000000133
|b BOK
|c OPEN SHELF
|e 1st Floor, Bestari Jaya
|